000 00439nam a22001577a 4500
005 20250208122648.0
008 250208b |||||||| |||| 00| 0 eng d
020 _a1560534206
050 _aRC682
_b.C39
245 _aCardiology Secrets/
_cedited by Olivia Vynn Adair
250 _a2nd ed.
260 _aPhiladelphia
_bHanley & Belfus
_c2001
300 _axv. 343p.
_bill.
_c23cm
700 _aAdair, Olivia Vynn
942 _2lcc
_cBK
_e2nd ed
_n0
999 _c3665
_d3665